000
00209 a2200097 4500
001
14550
100
_a
Zafar
245
_a
Islam our Europe
260
_a
Karachi
_b
Rasheed Ahmed Talat
_c
090
_c
11379
_d
11379
942
_a
NUST-CAE
_c
M
_c
1535
999
_c
249623
_d
249623